| 000 | 00956nam a2200301 i 4500 | ||
|---|---|---|---|
| 001 | 67291 | ||
| 003 | ES-MaACL | ||
| 005 | 20230906170031.0 | ||
| 007 | t| | ||
| 008 | 040517s2003 sp |||| |bspa d | ||
| 020 | _a84-8310-876-3 | ||
| 080 | _a008(443.61 P.-21)"19" | ||
| 080 | _a929 Ray, Man | ||
| 100 | 1 |
_aLottman, Herbert R. ( _d1927-) _9159405 |
|
| 245 | 1 | 3 |
_aEl París de Man Ray / _cHerbert R. Lottman ; traducción de Daniel Najmías. |
| 250 | _a1ª ed. | ||
| 260 |
_aBarcelona : _bTusquets, _c2003. |
||
| 300 |
_a309 p. : _bil. ; _c21 cm. |
||
| 490 | 1 |
_aTiempo de memoria ; _v27 |
|
| 504 | _aBibliografía: p. 283-300. Índice. | ||
| 600 | 1 | 4 |
_aRay, Man. _995617 |
| 651 | 4 |
_aMontparnasse (París, Barrio)- _xVida intelectual. _9148053 |
|
| 651 | 4 |
_aParís- _xVida intelectual- _yS.XX. _99214 |
|
| 700 | 1 |
_aNajmías, Daniel. _984874 |
|
| 830 | 0 |
_aTiempo de memoria ; _v27 _9180241 |
|
| 852 |
_aES-MaACL _jL-27537 |
||
| 999 |
_c67291 _d67291 |
||